Microsoft Excel 7.0 for Windows 95 / (Record no. 5798)

MARC details
000 -LEADER
fixed length control field 00882cam a22002532 4500
001 - CONTROL NUMBER
control field 0000002335
005 - DATE AND TIME OF LATEST TRANSACTION
control field 20151217151850.0
008 - FIXED-LENGTH DATA ELEMENTS--GENERAL INFORMATION
fixed length control field 070410s xx 000 0 eng d
020 ## - INTERNATIONAL STANDARD BOOK NUMBER
International Standard Book Number 0256220492 :
Terms of availability KES 1,047
040 ## - CATALOGING SOURCE
Original cataloging agency KABU
Transcribing agency KABU
050 #0 - LIBRARY OF CONGRESS CALL NUMBER
Classification number HF5548.4
Item number .M523H875 1996
100 1# - MAIN ENTRY--PERSONAL NAME
Personal name Hutchinson, Sarah E.
-- 0000151663
245 10 - TITLE STATEMENT
Title Microsoft Excel 7.0 for Windows 95 /
Statement of responsibility, etc. Sarah E. Hutchinson, Glen J. Coulthard.
260 ## - PUBLICATION, DISTRIBUTION, ETC. (IMPRINT)
Place of publication, distribution, etc. Boston :
Name of publisher, distributor, etc. Irwin/McGraw-Hill,
Date of publication, distribution, etc. 1996.
300 ## - PHYSICAL DESCRIPTION
Extent x, 238 p.
650 #0 - SUBJECT ADDED ENTRY--TOPICAL TERM
Topical term or geographic name as entry element Microsoft Excel for Windows.
-- 0000151667
650 #0 - SUBJECT ADDED ENTRY--TOPICAL TERM
Topical term or geographic name as entry element Electronic spreadsheets.
-- 0000147953
650 #0 - SUBJECT ADDED ENTRY--TOPICAL TERM
Topical term or geographic name as entry element Business
General subdivision Computer programs.
-- 0000151665
700 1# - ADDED ENTRY--PERSONAL NAME
Personal name Coulthard, Glen J.
-- 0000151666
908 ## - PUT COMMAND PARAMETER (RLIN)
Put command parameter 070410
950 ## - LOCAL HOLDINGS (RLIN)
-- 1
Holdings
Withdrawn status Lost status Source of classification or shelving scheme Not for loan Home library Current library Date acquired Total Checkouts Full call number Barcode Date last seen Price effective from Koha item type
    Library of Congress Classification   Kabarak, Main Campus Kabarak, Main Campus 17/12/2015   HF5548.4 .M523H875 1996 003649 02/08/2024 17/12/2015 General Collection
    Library of Congress Classification   Kabarak, Main Campus Kabarak, Main Campus 17/12/2015   HF5548.4 .M523H875 1996 003650 02/08/2024 17/12/2015 General Collection
Designed with assistance from East African Informatics Ltd